000 00525nam a22001697a 4500
005 20260430130646.0
008 260430b |||||||| |||| 00| 0 eng d
020 _a978-0-406-85059-1
_qhbk
041 _aeng
082 _a348.42 ALL.3
245 _aThe All England Law Reports
_bIncorporating the Law Times Reports and Law Journal Reports 1957
_nvol. 3
260 _aLondon
_bButterworth & Co. (Publishers) LTD.
_c1957
300 _a736
_c20cm
504 _aindex
650 _aLaws, regulations & cases
942 _cENGLISH
999 _c621663
_d621663